| 000 | 00539nam a2200181 4500 | ||
|---|---|---|---|
| 001 | 8411 | ||
| 005 | 20230410105455.0 | ||
| 008 | 060907n1994 dr spa | ||
| 020 | _a9561209225 | ||
| 035 | _9funglode8481 | ||
| 041 | _aES | ||
| 050 | 1 | 4 | _aHC 192 T184 1994 |
| 245 | 0 |
_aLas tarea de hoy : _bpolíticas sociales y económicas para una sociedad libre / _cCristián Larroulet [et al.] |
|
| 260 |
_aSatiago de Chile : _bZig-Zag, _c1994 |
||
| 300 | _a502 p. | ||
| 700 | _aLarroulet, Cristián | ||
| 942 |
_2lcc _cbk |
||
| 999 |
_c37453 _d37453 |
||